000 00361nam a2200145 i 4500
001 bg
100 1 _aKŁOŚ, Czesław.
245 0 _aFundamenty pod maszyny /
_cCzesław Kłoś, Janusz Lipiński.
260 _aWarszawa,
_c1959.
700 1 _aLIPIŃSKI, Janusz.
040 _cBPK
041 _apol
942 _cKS
008 s pl f |000 0 pol
999 _c15888
_d15888
856 _uhttp://koha.tu.koszalin.pl/cgi-bin/koha/opac-detail.pl?biblionumber=15888
_yKatalog online BPK